Регионална библиотека "Любен Каравелов" - Русе

Специализация на селскостопанското производство в Русенски и Варненски окръг (Запис номер 154797)

MARC детайли
000 -Лидер
Контролно поле с фиксирана дължина nam a22 a 4500
003 - Код на организацията, давaща контролен номер
Контролно поле BLK
005 - Дата и час на последна редакция
Контролно поле 20220323093805.0
008 - Елементи от данни с фиксирана дължина
fixed length control field 180410b bul|||||r ||||||| ||bul||
010 ## - Наследен системен номер
LC control number KNG00161438000
040 ## - Източник на каталожния запис
Идентификатор на билиотеката - собственик на записа BLK
041 ## - Код за език
Код за езика на текст/звукозапис или на отделно заглавие Български
Код за езика КДБФ Български
072 #7 - Код за тематичната категория
Код организация bullib
Код за тематична категория К
Текст Краезнание
080 ## - УДК
Текстов определител УДК Общи въпроси на селското стопанство
УДК код - определител по УДК 631
УДК определител (497.2)
УДК - код + определител 631(497.2)
100 1# - Редна дума - Автор
Автор Лиджи, Марко Леон
Авторска отговорност първи автор
R(LIN) 377231
139 ## - Редно поле
Редна дума Лиджи, Марко Леон и др.
Авторски знак Лид - Л 55
245 10 - Сведения за заглавието
Заглавие Специализация на селскостопанското производство в Русенски и Варненски окръг
Редно поле (дума) Марко Леон Лиджи; съавт. Слободан Радослав Атич; ред. Боню Райчев.
257 ## - Страна на издаване
Страна на създаване/издаване България
260 ## - Област на издателските данни
Име на издателя, разпространителя и проч. БАН
Година на издаване 1963
Място на издаване, разпространение и проч. София
300 ## - Физическа характеристика
Страници 156 с., 1 л.
Илюстрации и др. сх., 1 л. : табл.
Размери/Мащаб 25 см
380 ## - Жанр
Жанр Селско стопанство
500 ## - Общи забележки
Забележка Изд. на АСН. Инст. по икономика и организация на селското стопанство. - 500 тир.
650 #4 - Допълнително описание по предмет – тема
Основно описание – тема или топоним Селско стопанство - България
9 (RLIN) 269258
651 #4 - Допълнително описание по предмет - топоним
Географско понятие България
9 (RLIN) 241624
651 #4 - Допълнително описание по предмет - топоним
Географско понятие Русе
9 (RLIN) 179462
651 #4 - Допълнително описание по предмет - топоним
Географско понятие Варна
9 (RLIN) 178690
653 ## - Ключова дума – ненормативна
Ключова дума селско стопанство
653 ## - Ключова дума – ненормативна
Ключова дума Русе
653 ## - Ключова дума – ненормативна
Ключова дума Варна
659 ## - Тематичен бюлетин
Тематичен бюлетин К
700 1# - Други автори (авторска отговорност)
Лично име Атич, Слободан Радослав
Автороска отговорност (Описва отношението между автора и произведението) съавт.
9 (RLIN) 34759
700 1# - Други автори (авторска отговорност)
Лично име Райчев, Боню
Автороска отговорност (Описва отношението между автора и произведението) ред.
9 (RLIN) 332597
852 ## - Местоположение
Форматна сигнатура Цб 28063
Фондова буква Хранилище
852 ## - Местоположение
Форматна сигнатура К 63/Л 55 М
856 4# - Електронен адрес и достъп
Електронен формат pdf - файл
856 4# - Електронен адрес и достъп
Електронен формат pdf - файл
999 ## - СИСТЕМНИ КОНТРОЛНИ НОМЕРА
Koha biblionumber 154797
Koha biblioitemnumber 154797
942 ## - АРТИКУЛИ
Вид на библиотечния материал Книги
Скрит в OPAC Не
Периодичен библиозапис Да
944 ## - СЪЗДАВАНЕ И РЕДАКЦИЯ на ЗАПИСА
Създаване/Редакция Създаване
Дата на регистрацията/редакция 30.05.2014
Статус, дата на статуса 30.05.2014 - от С1,Р / 30.05.2014
Служител, извършил регистрацията/редакцията Валя_Йорданова
944 ## - СЪЗДАВАНЕ И РЕДАКЦИЯ на ЗАПИСА
Създаване/Редакция Редакция
Дата на регистрацията/редакция 04.06.2014
Статус, дата на статуса 30.05.2014 - от С1,Р / 30.05.2014
999 ## - СИСТЕМНИ КОНТРОЛНИ НОМЕРА
Koha biblioitemnumber 154797
999 ## - СИСТЕМНИ КОНТРОЛНИ НОМЕРА
Koha biblioitemnumber 154797
Наличности
Код за отписване Код за изгубен артикул Източник на класификационната схема Код за повреда Коз за рестрикции Код за отдаване Артикулен № Име на библиотеката - собственик Име на библиотеката, в която се намира в момента Статус (Текущо местоположение) Дата на вписване в системата Местоположение - отдел Цена в лева Инвентарен номер Систематично азбучна сигнатура Баркод Номер на екземпляра Цена в евро Служебна бележка Служебен тип на артикула
  Не е изгубен Universal Decimal Classification Не е повреден само за читалня ползва се в читалня 259450 Регионална библиотека "Любен Каравелов" Русе Регионална библиотека "Любен Каравелов" Русе Хранилище 1963-01-01 Хранилище 1.58 13919/63 Цб 28063 900000092005 1 0.81 N: Сф Дата: 01.01.1963 Книги
  Не е изгубен Universal Decimal Classification Не е повреден без рестрикции ползва се в читалня 259451 Регионална библиотека "Любен Каравелов" Русе Регионална библиотека "Любен Каравелов" Русе Краезнание 1963-01-01 Краезнание 1.58 337846 К 63/Л 55 М 120000337846 2 0.81 N: Сф Дата: 01.01.1963 Дата инв: 10.11.2017 Бележки инв: К2017 Книги
Vip Innovations Ltd, Rousse, Bulgaria 2025